[Event "Mechanics' Fall TNM; 30/90, SD/30"]
[Site "San Francisco"]
[Date "2012.11.20"]
[Round "6.6"]
[White "Grey, Peter"]
[Black "Wong, Russell"]
[Result "1-0"]
[WhiteElo "2000"]
[BlackElo "2212"]
[PlyCount "93"]
[EventDate "2012.??.??"]

1. d4 Nf6 2. c4 c5 3. d5 d6 4. Nc3 e5 5. e4 Be7 6. Be2 a6 7. Nf3 O-O 8. O-O Ne8
9. a3 Nd7 10. b4 a5 11. bxc5 Nxc5 12. Be3 b6 13. Rb1 f5 14. Nd2 f4 15. Bxc5
bxc5 16. Bg4 Nf6 17. Bxc8 Qxc8 18. f3 g5 19. Na4 Qe8 20. Nb6 Ra7 21. Qa4 Qg6
22. Qc6 Ra6 23. Qb7 Rxb6 24. Rxb6 Qf7 25. Rc6 g4 26. Rc7 Re8 27. Rc8 gxf3 28.
Rxf3 Qf8 29. Rxe8 Qxe8 30. Qc6 Qg6 31. Qc8+ Kg7 32. Qf5 Qxf5 33. exf5 a4 34. g3
fxg3 35. Rxg3+ Kf7 36. Kg2 Bd8 37. Kf3 Nh5 38. Rh3 Ng7 39. Rxh7 Kg8 40. Rxg7+
Kxg7 41. Ne4 Bc7 42. Kg4 Kf7 43. h4 Ke7 44. h5 Kf7 45. f6 Ba5 46. Kf5 Be1 47.
Nxd6+ 1-0

[Event "Mechanics' Mar TNM; 30/90, SD/30"]
[Site "San Francisco"]
[Date "2012.09.18"]
[Round "8.4"]
[White "Grey, Peter"]
[Black "Zavadsky, Peter"]
[Result "0-1"]
[WhiteElo "2014"]
[BlackElo "2307"]
[PlyCount "72"]
[EventDate "2012.??.??"]

1. d4 Nf6 2. c4 e6 3. g3 Bb4+ 4. Bd2 Be7 5. Nf3 d5 6. Bg2 c6 7. Qc2 Ne4 8. O-O
O-O 9. Bf4 Nd7 10. Nbd2 Nxd2 11. Bxd2 b6 12. cxd5 cxd5 13. Rfc1 Ba6 14. Bf4 Rc8
15. Qd2 Rc4 16. b3 Bb4 17. Qd1 Rxc1 18. Rxc1 Re8 19. Rc2 h6 20. h4 f6 21. a3
Bf8 22. Bc1 Bd6 23. Bb2 Qe7 24. a4 Bb7 25. Ne1 Qf7 26. e3 e5 27. Rd2 e4 28. Nc2
f5 29. Ba3 Bb8 30. Bf1 Nf6 31. Be2 g5 32. hxg5 hxg5 33. Kg2 Kg7 34. f4 exf3+
35. Bxf3 g4 36. Be2 Ne4 0-1

[Event "Mechanics' Fall TNM; 30/90, SD/30"]
[Site "San Francisco"]
[Date "2012.11.27"]
[Round "7.17"]
[White "Hack, Richard"]
[Black "Anderson, Michael"]
[Result "1-0"]
[WhiteElo "1639"]
[BlackElo "1923"]
[PlyCount "63"]
[EventDate "2012.??.??"]

1. e4 c5 2. Nf3 a6 3. d4 cxd4 4. Nxd4 e6 5. Nc3 b5 6. a3 Qc7 7. Bd3 g6 8. O-O
Bg7 9. Be3 Bb7 10. f4 Nc6 11. Nde2 d6 12. Qd2 Nge7 13. Rad1 O-O 14. g4 f5 15.
gxf5 gxf5 16. exf5 exf5 17. a4 Rf6 18. Kf2 Rh6 19. axb5 Rxh2+ 20. Kg1 Rxe2 21.
Qxe2 Nd4 22. Bxd4 Bxd4+ 23. Kh2 Kh8 24. bxa6 Bc6 25. Nb5 Bxb5 26. Bxb5 Bxb2 27.
Rb1 Bg7 28. Bd3 d5 29. Rb7 Qd6 30. Rxe7 Qh6+ 31. Kg2 Bf6 32. Re8+ 1-0

[Event "Mechanics' Summer TNM; 30/90, SD/30"]
[Site "San Francisco"]
[Date "2012.06.19"]
[Round "5.14"]
[White "Hack, Richard"]
[Black "Andries, Craig"]
[Result "0-1"]
[WhiteElo "1666"]
[BlackElo "1950"]
[PlyCount "32"]
[EventDate "2012.??.??"]

1. e4 g6 2. d4 Bg7 3. Nf3 d6 4. Be3 c5 5. c3 cxd4 6. Bxd4 Nf6 7. Nbd2 Nc6 8.
Be2 Bg4 9. h3 Bxf3 10. Bxf3 Nxd4 11. cxd4 O-O 12. O-O Nd7 13. Nb3 Qb6 14. Qd2
a5 15. a4 $2 Qxb3 16. Ra3 Qb6 0-1

[Event "Mechanics' Mar TNM; 30/90, SD/30"]
[Site "San Francisco"]
[Date "2012.09.18"]
[Round "8.22"]
[White "Hack, Richard"]
[Black "Cole, Tony"]
[Result "1-0"]
[WhiteElo "1666"]
[BlackElo "1604"]
[PlyCount "83"]
[EventDate "2012.??.??"]

1. e4 e5 2. Nf3 Nc6 3. Bb5 Nge7 4. O-O a6 5. Ba4 b5 6. Bb3 d6 7. h3 h6 8. c3 g5
9. d4 g4 10. hxg4 Bxg4 11. Be3 Ng6 12. d5 Na5 13. Bc2 Nh4 14. Nbd2 Nc4 15. Nxc4
bxc4 16. Qe2 Nxf3+ 17. gxf3 Bh3 18. Ba4+ Ke7 19. Rfe1 h5 20. Bg5+ f6 21. Bh4
Bh6 22. Kh2 Qc8 23. Rg1 Bf4+ 24. Bg3 Bd7 25. Bxf4 Bxa4 26. Be3 f5 27. Rg7+ Kd8
28. Rag1 Qb7 29. exf5 Qxd5 30. f6 Kc8 31. Re7 e4 32. fxe4 Qc6 33. Rgg7 Kb7 34.
Rxc7+ Qxc7 35. Rxc7+ Kxc7 36. Qxc4+ Bc6 37. Bf4 Rhf8 38. Qe6 Rad8 39. Qe7+ Kb6
40. Bxd6 Kb5 41. Qe5+ Kb6 42. Qc5+ 1-0

[Event "Mechanics' Summer TNM; 30/90, SD/30"]
[Site "San Francisco"]
[Date "2012.05.22"]
[Round "1.7"]
[White "Hack, Richard"]
[Black "Gaffagan, Steven"]
[Result "0-1"]
[WhiteElo "1666"]
[BlackElo "2047"]
[PlyCount "56"]
[EventDate "2012.??.??"]

1. e4 c5 2. Nf3 e6 3. d4 cxd4 4. Nxd4 a6 5. c4 Nf6 6. Bd3 Nc6 7. Nf3 d6 8. O-O
Be7 9. Nc3 O-O 10. Be3 b6 11. Qb3 Rb8 12. Rac1 Nd7 13. Qd1 Bb7 14. a3 Rc8 15.
b4 Nce5 16. Nxe5 Nxe5 17. Ne2 d5 18. exd5 exd5 19. c5 bxc5 20. bxc5 Qa5 21. Bf5
Rcd8 22. Bd4 Nc6 23. Qb3 Nxd4 24. Nxd4 Qc7 25. c6 Bc8 26. Bd3 Rd6 27. Rc5 Rh6
28. g3 Bxc5 0-1

[Event "Mechanics' Fall TNM; 30/90, SD/30"]
[Site "San Francisco"]
[Date "2012.11.20"]
[Round "6.16"]
[White "Hack, Richard"]
[Black "Hakobyan, Sos"]
[Result "0-1"]
[WhiteElo "1639"]
[BlackElo "1880"]
[PlyCount "72"]
[EventDate "2012.??.??"]

1. e4 e6 2. d4 d5 3. e5 c5 4. c3 Nc6 5. Nf3 Qb6 6. Be2 cxd4 7. cxd4 Bd7 8. O-O
Rc8 9. Nc3 Nh6 10. Bxh6 gxh6 11. Qd2 Bg7 12. Nb5 Nxe5 13. dxe5 Bxb5 14. Rac1
O-O 15. Bxb5 Qxb5 16. Nd4 Qd7 17. Qe2 a6 18. f4 Qa4 19. Qd2 Rxc1 20. Rxc1 Qd7
21. Rc3 f6 22. Qc2 Qe7 23. Rc7 Qb4 24. Nf3 fxe5 25. a3 Qxf4 26. Rxg7+ Kxg7 27.
Qc7+ Rf7 28. Qd6 e4 29. Qxf4 Rxf4 30. Nd4 e5 31. Ne6+ Kf6 32. Nxf4 exf4 33. Kf2
Ke5 34. Ke2 Kd4 35. g3 f3+ 36. Kf2 Kd3 0-1

[Event "Mechanics' Mar TNM; 30/90, SD/30"]
[Site "San Francisco"]
[Date "2012.09.04"]
[Round "6.19"]
[White "Hack, Richard"]
[Black "Matz, James"]
[Result "1-0"]
[WhiteElo "1666"]
[BlackElo "1808"]
[PlyCount "41"]
[EventDate "2012.??.??"]

1. e4 c5 2. Nf3 d6 3. d4 cxd4 4. Nxd4 g6 5. Nc3 Bg7 6. Be3 Nf6 7. Bc4 Nc6 8.
Qd2 Ng4 9. Nxc6 bxc6 10. Bf4 O-O 11. h3 Ne5 12. Bb3 Ba6 13. Bh6 Bxh6 14. Qxh6
Nc4 15. h4 e5 16. O-O-O f5 17. h5 Qf6 18. hxg6 Qxg6 19. Rxd6 Qxh6+ 20. Rdxh6
Rf7 21. Rxc6 1-0

[Event "Mechanics' Fall TNM; 30/90, SD/30"]
[Site "San Francisco"]
[Date "2012.12.11"]
[Round "9.17"]
[White "Hack, Richard"]
[Black "McCarty-Snead, Callaghan"]
[Result "1/2-1/2"]
[WhiteElo "1639"]
[BlackElo "826"]
[PlyCount "70"]
[EventDate "2012.??.??"]

1. e4 e6 2. d4 d5 3. Nc3 Nf6 4. e5 Nfd7 5. f4 c5 6. Nf3 Nc6 7. Be3 cxd4 8. Nxd4
Nxd4 9. Bxd4 Bb4 10. Be2 Qh4+ 11. g3 Qd8 12. a3 Ba5 13. O-O O-O 14. Nb5 a6 15.
Nc3 Bb6 16. Rf3 Bxd4+ 17. Qxd4 Qb6 18. Qxb6 Nxb6 19. Rd1 Bd7 20. Rd4 Bc6 21. g4
Rfe8 22. b3 g6 23. h4 Kg7 24. Rh3 Rh8 25. h5 Rad8 26. Nd1 Nd7 27. h6+ Kf8 28.
g5 Nb6 29. c4 Ke7 30. Rhd3 Rd7 31. c5 Nc8 32. Rc3 Kd8 33. Ne3 Ne7 34. Rcd3 Nf5
35. Nxf5 gxf5 1/2-1/2

[Event "Mechanics' Fall TNM; 30/90, SD/30"]
[Site "San Francisco"]
[Date "2012.10.16"]
[Round "1.6"]
[White "Hack, Richard"]
[Black "Traub, Igor"]
[Result "0-1"]
[WhiteElo "1639"]
[BlackElo "2118"]
[PlyCount "32"]
[EventDate "2012.??.??"]

1. e4 e6 2. d4 d5 3. Nc3 Nf6 4. Bg5 Be7 5. e5 Nfd7 6. Bxe7 Qxe7 7. Nf3 a6 8.
Bd3 c5 9. Ne2 c4 10. c3 cxd3 11. Qxd3 Nc6 12. O-O O-O 13. h4 f6 14. exf6 Nxf6
15. Nf4 Ne4 16. Rae1 Rxf4 0-1

[Event "Mechanics' Fall TNM; 30/90, SD/30"]
[Site "San Francisco"]
[Date "2012.11.13"]
[Round "5.10"]
[White "Hakobyan, Sos"]
[Black "Melville, Cailen"]
[Result "0-1"]
[WhiteElo "1880"]
[BlackElo "1806"]
[PlyCount "74"]
[EventDate "2012.??.??"]

1. e4 e6 2. d3 b6 3. Nf3 Bb7 4. Nbd2 g6 5. g3 Bg7 6. Bg2 Ne7 7. O-O O-O 8. Re1
d5 9. e5 c5 10. Nf1 Nbc6 11. h4 Qc7 12. Bf4 d4 13. a4 Nb4 14. Qe2 Nbd5 15. Bd2
Nc6 16. N1h2 Ba6 17. Ng4 Ndb4 18. Bh6 Bxh6 19. Nxh6+ Kg7 20. Ng4 h5 21. Nf6 c4
22. dxc4 Rad8 23. Qd2 Rh8 24. Ra3 Bxc4 25. Re4 Bd5 26. Rf4 Bxf3 27. Raxf3 a5
28. g4 Nxe5 29. Rg3 Nc4 30. Qc1 Na2 31. Qb1 Qxf4 32. Qxa2 Qc1+ 33. Kh2 Qxc2 34.
g5 d3 35. Be4 Qxf2+ 36. Rg2 Qxh4+ 37. Kg1 d2 0-1

[Event "Mechanics' Fall TNM; 30/90, SD/30"]
[Site "San Francisco"]
[Date "2012.11.27"]
[Round "7.9"]
[White "Hakobyan, Sos"]
[Black "Nagarajan, Pranav"]
[Result "0-1"]
[WhiteElo "1880"]
[BlackElo "1997"]
[PlyCount "126"]
[EventDate "2012.??.??"]

1. e4 c5 2. Nf3 Nc6 3. Nc3 g6 4. Bc4 Bg7 5. O-O Nf6 6. Re1 d6 7. h3 O-O 8. d3
h6 9. Rb1 e5 10. Nd5 Nxd5 11. Bxd5 Ne7 12. c4 Nxd5 13. cxd5 f5 14. b4 b6 15.
Bd2 f4 16. Qa4 Bd7 17. Qc2 g5 18. Nh2 Qc8 19. Qd1 Qa6 20. Qb3 Bb5 21. a4 Qxa4
22. Qxa4 Bxa4 23. Ra1 Bb5 24. bxc5 bxc5 25. Ra3 a6 26. Ba5 Rfc8 27. Rb1 Kf7 28.
Nf3 Bf6 29. Nd2 Rab8 30. Nc4 Bxc4 31. Rxb8 Rxb8 32. dxc4 Rb1+ 33. Kh2 Rc1 34.
Ra4 Ke8 35. Bc7 Kd7 36. Ba5 Rc2 37. f3 Rc1 38. Bd2 Rd1 39. Ba5 g4 40. hxg4 Bh4
41. g3 fxg3+ 42. Kg2 Rc1 43. Ra2 Rxc4 44. Kh3 Bg5 45. Kxg3 Rc1 46. Kf2 Rh1 47.
Ra3 Rh2+ 48. Ke1 Rb2 49. Bc3 Rb6 50. Ke2 Kc8 51. Kd3 Kb7 52. Kc4 Rb1 53. Bxe5
dxe5 54. Kxc5 Be7+ 55. d6 Rb5+ 56. Kc4 Bxd6 57. Ra2 Be7 58. Rh2 Bg5 59. Ra2 Kb6
60. Ra3 a5 61. Rd3 Rc5+ 62. Kb3 Kb5 63. Rd7 a4+ 0-1

[Event "Mechanics' Mar TNM; 30/90, SD/30"]
[Site "San Francisco"]
[Date "2012.08.21"]
[Round "4.7"]
[White "Harmon, Frederick"]
[Black "Chamberlain, Ethan"]
[Result "0-1"]
[WhiteElo "1819"]
[BlackElo "1972"]
[PlyCount "100"]
[EventDate "2012.??.??"]

1. e4 c5 2. c4 Nc6 3. Nc3 g6 4. a3 d6 5. Nf3 Bg7 6. Be2 Bg4 7. Ng1 Bd7 8. Nf3
Nh6 9. O-O f5 10. d3 O-O 11. h3 Nf7 12. exf5 Bxf5 13. Nd5 Bd7 14. Rb1 e6 15.
Ne3 Nfe5 16. Nxe5 Bxe5 17. Bf3 Rb8 18. Nc2 Qh4 19. Bxc6 Bxc6 20. Qg4 Qxg4 21.
hxg4 Rf7 22. f4 Rbf8 23. Be3 Bxf4 24. Bxf4 Rxf4 25. Rxf4 Rxf4 26. Ne3 Rd4 27.
Rd1 Ba4 28. Rd2 g5 29. g3 b5 30. Kf2 bxc4 31. Nxc4 Bb3 32. Ne3 Kf7 33. Ke2 Ke7
34. Kf2 c4 35. Ke2 cxd3+ 36. Rxd3 Rxd3 37. Kxd3 a5 38. Ke4 Kd7 39. Kd4 e5+ 40.
Kd3 d5 41. Kd2 Ke6 42. Kd3 a4 43. Nf5 Bd1 44. Ne3 Bf3 45. Kd2 d4 46. Nc4 Bc6
47. Ke1 e4 48. Ke2 Bb5 49. b3 Bxc4+ 50. bxc4 Kd6 0-1

[Event "Mechanics' Mar TNM; 30/90, SD/30"]
[Site "San Francisco"]
[Date "2012.09.11"]
[Round "7.15"]
[White "Harmon, Frederick"]
[Black "Hack, Richard"]
[Result "1-0"]
[WhiteElo "1819"]
[BlackElo "1666"]
[PlyCount "79"]
[EventDate "2012.??.??"]

1. e4 e5 2. Nc3 Nc6 3. Bc4 Nf6 4. a3 Be7 5. Nf3 O-O 6. d3 d6 7. h3 Re8 8. O-O
h6 9. Be3 Bf8 10. Re1 Be6 11. Bxe6 Rxe6 12. Nd5 Ne7 13. Nxf6+ Rxf6 14. d4 Ng6
15. dxe5 dxe5 16. Qxd8 Rxd8 17. Red1 Rfd6 18. Rd2 Rxd2 19. Bxd2 Bc5 20. Bc3 Nf4
21. Bxe5 Ne6 22. Kf1 c6 23. Ke2 f6 24. Bg3 Nd4+ 25. Nxd4 Rxd4 26. f3 Rd7 27.
Rd1 Rxd1 28. Kxd1 Kf7 29. Kd2 Ke6 30. Kd3 Bd6 31. Bxd6 Kxd6 32. f4 g5 33. g3 h5
34. Ke3 c5 35. e5+ fxe5 36. fxg5 b5 37. Ke4 Ke6 38. b4 c4 39. c3 a6 40. h4 1-0

[Event "Mechanics' Mar TNM; 30/90, SD/30"]
[Site "San Francisco"]
[Date "2012.09.04"]
[Round "6.11"]
[White "Harmon, Frederick"]
[Black "Morton, Adam"]
[Result "0-1"]
[WhiteElo "1819"]
[BlackElo "1891"]
[PlyCount "94"]
[EventDate "2012.??.??"]

1. e4 e5 2. Nf3 Nc6 3. Bc4 Nf6 4. d3 Be7 5. O-O O-O 6. a3 d5 7. exd5 Nxd5 8.
Re1 Kh8 9. Nxe5 Nxe5 10. Rxe5 c6 11. Bxd5 cxd5 12. d4 Bd6 13. Re1 Qh4 14. g3
Qh3 15. Qf3 Bg4 16. Qg2 Qh5 17. Be3 Bf3 18. Qf1 f5 19. Nd2 f4 20. Nxf3 fxe3 21.
Rxe3 Rxf3 22. Rae1 Raf8 23. Rxf3 Qxf3 24. Re3 Qxe3 25. fxe3 Rxf1+ 26. Kxf1 g5
27. Kg2 g4 28. a4 Kg7 29. b3 Bb4 30. c4 Kf7 31. Kf2 Ke6 32. Ke2 h5 33. Kd3 Be1
34. Ke2 Ba5 35. Kd3 Be1 36. Ke2 Bb4 37. Kd3 Ba5 38. Ke2 Bc7 39. Kf2 Kf5 40. Ke2
Ke4 41. cxd5 Bd6 42. Kd2 Be7 43. Ke2 Bb4 44. a5 a6 45. Kf2 Kxd5 46. Kf1 Ke4 47.
Ke2 Bxa5 0-1

[Event "Mechanics' Mar TNM; 30/90, SD/30"]
[Site "San Francisco"]
[Date "2012.08.07"]
[Round "2.9"]
[White "Harmon, Frederick"]
[Black "Nagarajan, Pranav"]
[Result "0-1"]
[WhiteElo "1819"]
[BlackElo "1954"]
[PlyCount "116"]
[EventDate "2012.??.??"]

1. e4 c5 2. Nc3 Nc6 3. d3 g6 4. Nf3 Bg7 5. Bd2 d6 6. Be2 e6 7. O-O Nge7 8. Re1
O-O 9. Qc1 Nd4 10. Bd1 Nec6 11. Bh6 Nxf3+ 12. Bxf3 Nd4 13. Bd1 e5 14. Bxg7 Kxg7
15. Nd5 f5 16. c3 Nc6 17. f3 f4 18. c4 Be6 19. Nc3 Qh4 20. Qd2 g5 21. Qf2 Qh5
22. a3 Rf6 23. Rb1 Rh6 24. g4 fxg3 25. Qxg3 Qg6 26. Nd5 Rf8 27. Rf1 Rh3 28. Qg2
Rh4 29. Ne3 Bh3 30. Qg3 Bxf1 31. Nxf1 Rhf4 32. Nd2 a5 33. h3 h6 34. Kg2 Rh4 35.
b4 axb4 36. axb4 Nxb4 37. Be2 Rf7 38. Nf1 Nc2 39. Rb2 Nd4 40. Bd1 Ne6 41. Ne3
Nf4+ 42. Kh2 Rxh3+ 43. Qxh3 Nxh3 44. Kxh3 Qe6+ 45. Kg3 h5 46. Rh2 h4+ 47. Kf2
Qc8 48. Be2 Qd7 49. Kg2 Qa4 50. Rh1 Qa2 51. Kf2 Qb2 52. Ng4 b6 53. Rf1 Ra7 54.
Re1 Ra1 55. Rxa1 Qxa1 56. Kg2 Qb2 57. Kf2 Kg6 58. Kf1 Qd2 0-1

[Event "Mechanics' Winter TNM; 30/90, SD/30"]
[Site "San Francisco"]
[Date "2012.01.24"]
[Round "4.29"]
[White "Harris, Clarence"]
[Black "Allen, Tom"]
[Result "0-1"]
[WhiteElo "1336"]
[BlackElo "1549"]
[PlyCount "62"]
[EventDate "2012.??.??"]

1. e4 e5 2. Nf3 Nc6 3. Bb5 f5 4. d3 Nf6 5. Nbd2 Bc5 6. O-O d6 7. Bxc6+ bxc6 8.
Qe2 O-O 9. Nb3 Bb6 10. Bd2 a5 11. a4 fxe4 12. dxe4 Bg4 13. Bc3 Nh5 14. Nbd2 Nf4
15. Qc4+ d5 16. exd5 cxd5 17. Qb5 Bd7 18. Qb3 Rb8 19. Qa2 Ne2+ 20. Kh1 Nxc3 21.
bxc3 Be6 22. Qa3 Qf6 23. Rae1 e4 24. Nd4 Bxd4 25. cxd4 Qxd4 26. Re2 Bg4 27. f3
exf3 28. Nxf3 Qc4 29. Ref2 Rb4 30. c3 Rbb8 31. Ne5 Qxf1+ 0-1

[Event "Mechanics' Summer TNM; 30/90, SD/30"]
[Site "San Francisco"]
[Date "2012.06.05"]
[Round "3.26"]
[White "Harris, Clarence"]
[Black "Campers, Willie"]
[Result "0-1"]
[WhiteElo "1335"]
[BlackElo "1660"]
[PlyCount "51"]
[EventDate "2012.??.??"]

1. e4 e6 2. d3 d5 3. Nd2 c5 4. Ngf3 Nf6 5. g3 Nc6 6. Bg2 d4 7. a4 e5 8. Nc4 Qc7
9. a5 h6 10. h3 Be7 11. O-O O-O 12. Bd2 Be6 13. Na3 Bd8 14. Nb5 Qd7 15. a6 bxa6
16. Rxa6 Qb7 17. Rxc6 Qxc6 18. c4 dxc3 19. Nxc3 Qc7 20. Qc2 a6 21. Be3 Be7 22.
Na4 Rfc8 23. Rd1 Nd7 24. Nd2 Rab8 25. f4 f6 26. Nc3 {0-1 in 54} 0-1

[Event "Mechanics' Fall TNM; 30/90, SD/30"]
[Site "San Francisco"]
[Date "2012.10.16"]
[Round "1.18"]
[White "Harris, Clarence"]
[Black "Delmonico, Nils"]
[Result "0-1"]
[WhiteElo "1323"]
[BlackElo "1899"]
[PlyCount "82"]
[EventDate "2012.??.??"]

1. e4 e6 2. d3 d5 3. Nd2 Nf6 4. Ngf3 Be7 5. g3 O-O 6. Bg2 c5 7. O-O Nc6 8. Re1
b5 9. e5 Ne8 10. Nf1 Nc7 11. h4 a5 12. a3 a4 13. h5 b4 14. h6 g6 15. N1h2 Nb5
16. Ng4 Bd7 17. Bh3 Ncd4 18. Nf6+ Bxf6 19. exf6 Nxf3+ 20. Qxf3 Nd4 21. Qd1 Qxf6
22. Bf4 Nc6 23. Qc1 Qe7 24. Qe3 Rfe8 25. Re2 f6 26. g4 e5 27. Rae1 Nd4 28. Rd2
b3 29. cxb3 Nxb3 30. Rdd1 Rab8 31. g5 Bxh3 32. Qxh3 Nd4 33. gxf6 Qxf6 34. Qd7
Qf7 35. Qxf7+ Kxf7 36. Bxe5 Rxe5 37. Rxe5 Nf3+ 38. Kg2 Nxe5 39. Rd2 d4 40. f3
Kf6 41. Kg3 Nf7 0-1

[Event "Mechanics' Mar TNM; 30/90, SD/30"]
[Site "San Francisco"]
[Date "2012.08.07"]
[Round "2.23"]
[White "Harris, Clarence"]
[Black "Dembling, Arthur"]
[Result "1-0"]
[WhiteElo "1346"]
[BlackElo "1732"]
[PlyCount "63"]
[EventDate "2012.??.??"]

1. e4 e6 2. d3 d5 3. Nd2 Nf6 4. Ngf3 b6 5. g3 dxe4 6. dxe4 Bc5 7. Bg2 Ba6 8. h3
O-O 9. e5 Nd5 10. Ne4 Ne7 11. Qxd8 Rxd8 12. Nxc5 bxc5 13. Be3 Nbc6 14. Bxc5
Rab8 15. b3 Ng6 16. c4 Ncxe5 17. Nxe5 Nxe5 18. O-O Bb7 19. Bxa7 Ra8 20. Be3
Bxg2 21. Kxg2 Rd7 22. Rad1 Rad8 23. Rxd7 Rxd7 24. a4 Rd3 25. Rb1 c6 26. a5 Nd7
27. a6 c5 28. a7 Nb6 29. Bxc5 Na8 30. Be3 f6 31. b4 Kf7 32. b5 1-0

[Event "Mechanics' Mar TNM; 30/90, SD/30"]
[Site "San Francisco"]
[Date "2012.09.18"]
[Round "8.25"]
[White "Harris, Clarence"]
[Black "Frazee, David"]
[Result "1/2-1/2"]
[WhiteElo "1346"]
[BlackElo "1409"]
[PlyCount "63"]
[EventDate "2012.??.??"]

1. e4 e6 2. d3 d5 3. Nd2 c5 4. Ngf3 Nc6 5. g3 Nf6 6. Bg2 Be7 7. O-O O-O 8. Re1
Qc7 9. e5 Nd7 10. Qe2 h6 11. h4 f6 12. exf6 Nxf6 13. Nf1 Bd7 14. Bh3 Nd8 15.
Ne5 Bc8 16. Nh2 Bd6 17. Nhf3 Nd7 18. Bf4 Nxe5 19. Nxe5 Bxe5 20. Bxe5 Qf7 21.
Rf1 b6 22. Rfe1 Nc6 23. c3 Bd7 24. Bf4 Rfe8 25. Be5 Nxe5 26. Qxe5 Re7 27. f4
Rae8 28. Bg4 Qg6 29. Qe2 Qf6 30. Qe5 Qg6 31. Qe2 Qf6 32. Qe5 1/2-1/2

[Event "Mechanics' Summer TNM; 30/90, SD/30"]
[Site "San Francisco"]
[Date "2012.05.29"]
[Round "2.25"]
[White "Harris, Clarence"]
[Black "Hack, Richard"]
[Result "0-1"]
[WhiteElo "1335"]
[BlackElo "1666"]
[PlyCount "74"]
[EventDate "2012.??.??"]

1. e4 e5 2. Nf3 Nc6 3. Bb5 a6 4. Bxc6 dxc6 5. O-O Bd6 6. d4 Qe7 7. dxe5 Bxe5 8.
Nbd2 b5 9. Nxe5 Qxe5 10. Nf3 Qe7 11. Bg5 f6 12. Bd2 Bg4 13. h3 Bh5 14. g4 Bf7
15. e5 O-O-O 16. exf6 Nxf6 17. Re1 Qd6 18. Bg5 Qb4 19. Qc1 h5 20. c3 Qf8 21.
Ne5 Be8 22. Qf4 hxg4 23. Qf5+ Kb7 24. hxg4 Rh3 25. Kg2 Rh8 26. Re3 Rd5 27. Rae1
Qd6 28. Rh3 Rf8 29. Rd3 Nd7 30. Rxd5 cxd5 31. Qh7 Nxe5 32. Qxg7 Nxg4 33. f4 Rf7
34. Qd4 Rh7 35. Kg3 Bd7 36. b4 Nh2 37. Bh4 Qg6+ 0-1

[Event "Mechanics' Fall TNM; 30/90, SD/30"]
[Site "San Francisco"]
[Date "2012.11.13"]
[Round "5.27"]
[White "Harris, Clarence"]
[Black "McCarty-Snead, Callaghan"]
[Result "1/2-1/2"]
[WhiteElo "1323"]
[BlackElo "826"]
[PlyCount "82"]
[EventDate "2012.??.??"]

1. e4 e5 2. Nf3 Nc6 3. Bb5 a6 4. Bxc6 dxc6 5. O-O Bd6 6. d4 exd4 7. Qxd4 f6 8.
Nbd2 Ne7 9. Nc4 Bg4 10. Be3 Bxf3 11. gxf3 O-O 12. Rad1 Be5 13. Nxe5 Qxd4 14.
Bxd4 fxe5 15. Bxe5 Rxf3 16. Rd3 Rxd3 17. cxd3 Rd8 18. Rd1 Rd7 19. f3 c5 20. Kf2
c4 21. Ke3 cxd3 22. Rxd3 Rxd3+ 23. Kxd3 c6 24. Kc4 Kf7 25. Kc5 Nc8 26. b3 g6
27. a4 Ke6 28. Bg3 h5 29. h4 Kd7 30. a5 Ke6 31. Bf4 Kd7 32. Bh2 Ke6 33. f4 Kf6
34. b4 Ke6 35. Kd4 Na7 36. Kc5 Nc8 37. Bg1 Kf6 38. Bd4+ Ke6 39. Be5 Kd7 40. f5
gxf5 41. exf5 Ke7 {both scores missing moves} 1/2-1/2

[Event "Mechanics' Spring TNM; 30/90, SD/30"]
[Site "San Francisco"]
[Date "2012.05.01"]
[Round "8.26"]
[White "Harris, Clarence"]
[Black "Miller, David"]
[Result "0-1"]
[WhiteElo "1395"]
[BlackElo "1765"]
[PlyCount "48"]
[EventDate "2012.??.??"]

1. e4 c5 2. Nf3 g6 3. d3 Nc6 4. Nbd2 Bg7 5. g3 d5 6. Bg2 d4 7. O-O e5 8. Nb3
Qd6 9. Bd2 b5 10. c4 bxc4 11. dxc4 Nf6 12. Re1 O-O 13. Qc1 a5 14. a4 Bd7 15.
Bh6 Rfb8 16. Bxg7 Kxg7 17. Nfd2 Nb4 18. Bf1 Bc6 19. f4 Ng4 20. f5 Ne3 21. Rxe3
dxe3 22. Nf3 Bxe4 23. Ng5 Bxf5 24. Qxe3 Nc2 0-1

[Event "Mechanics' Mar TNM; 30/90, SD/30"]
[Site "San Francisco"]
[Date "2012.08.21"]
[Round "4.18"]
[White "Harris, Clarence"]
[Black "Ochoa, Jason"]
[Result "0-1"]
[WhiteElo "1346"]
[BlackElo "1900"]
[PlyCount "56"]
[EventDate "2012.??.??"]

1. e4 c5 2. Nf3 g6 3. g3 Bg7 4. Bg2 Nc6 5. O-O Nf6 6. Re1 O-O 7. d3 d6 8. c3
Bd7 9. Nbd2 Qc8 10. Nc4 b5 11. Ne3 Rb8 12. Nd5 Bg4 13. Bf4 Nxd5 14. exd5 Ne5
15. Bxe5 Bxe5 16. Qd2 Bf6 17. h4 b4 18. c4 a5 19. Nh2 Bf5 20. Be4 a4 21. Rab1
a3 22. Nf3 axb2 23. Qh6 Bg7 24. Qe3 Ra8 25. Ng5 h6 26. Bxf5 Qxf5 27. Ne6 fxe6
28. Qxe6+ Qxe6 0-1

[Event "Mechanics' Spring TNM; 30/90, SD/30"]
[Site "San Francisco"]
[Date "2012.04.17"]
[Round "6.32"]
[White "Harris, Clarence"]
[Black "Olson, David"]
[Result "1-0"]
[WhiteElo "1395"]
[BlackElo "1400"]
[PlyCount "79"]
[EventDate "2012.??.??"]

1. e4 e5 2. Nf3 Nf6 3. d3 Nc6 4. Nbd2 Bc5 5. Nb3 Bb6 6. Bg5 h6 7. Bh4 d5 8. Be2
g5 9. Bg3 Qe7 10. O-O dxe4 11. dxe4 Nxe4 12. Bd3 Nxg3 13. hxg3 Bg4 14. Nbd2
O-O-O 15. Qe1 f5 16. Bb5 e4 17. Nc4 Nb4 18. Nxb6+ axb6 19. Ba4 Rh7 20. a3 Nxc2
21. Bxc2 exf3 22. gxf3 Qxe1 23. Rfxe1 Rd2 24. Rac1 Bh3 25. g4 Rf7 26. Bxf5+ Kb8
27. Rc4 b5 28. Rb4 c6 29. a4 Rxf5 30. gxf5 Bxf5 31. axb5 c5 32. Rb3 g4 33. fxg4
Bxg4 34. b6 Kc8 35. Re7 Re2 36. Rc7+ Kb8 37. Re3 Rxe3 38. fxe3 h5 39. Rxc5 Bf3
40. Rf5 1-0

[Event "Mechanics' Winter TNM; 30/90, SD/30"]
[Site "San Francisco"]
[Date "2012.02.21"]
[Round "8.30"]
[White "Harris, Clarence"]
[Black "Otterbach, Renate"]
[Result "1-0"]
[WhiteElo "1336"]
[BlackElo "841"]
[PlyCount "37"]
[EventDate "2012.??.??"]

1. e4 e5 2. Nf3 Nc6 3. Bb5 a6 4. Bxc6 dxc6 5. O-O Nf6 6. Nxe5 Nxe4 7. Re1 Qd4
8. Qf3 f5 9. d3 Be6 10. Bf4 O-O-O 11. c3 Qb6 12. dxe4 Qxb2 13. Nd2 Qxc3 $4 14.
Qxc3 h6 15. exf5 Bd5 16. Ng6 Rg8 17. Nxf8 Rgxf8 18. Qxg7 Rxf5 19. Qxc7# 1-0

[Event "Mechanics' Fall TNM; 30/90, SD/30"]
[Site "San Francisco"]
[Date "2012.10.30"]
[Round "3.30"]
[White "Harris, Clarence"]
[Black "Otterbach, Renate"]
[Result "1-0"]
[WhiteElo "1323"]
[BlackElo "761"]
[PlyCount "59"]
[EventDate "2012.??.??"]

1. e4 e6 2. d3 d5 3. Nd2 Nf6 4. Ngf3 c5 5. g3 Nc6 6. Bg2 Qb6 7. O-O Nd7 8. exd5
exd5 9. Re1+ Be7 10. Ng5 Nde5 11. Nf1 f6 12. Nf3 Be6 13. Nxe5 Nxe5 14. Ne3 Rd8
15. Qe2 O-O 16. f4 Nf7 17. f5 Bd7 18. Nxd5 Qa5 19. Nxe7+ Kh8 20. Bd2 Qb6 21.
Qh5 c4+ 22. Be3 Qxb2 23. Ng6+ Kg8 24. Nxf8 Rxf8 25. Bd5 Qxc2 26. Bc5 Qxd3 27.
Rad1 Qxf5 28. Bxf7+ Rxf7 29. Qxf5 Bxf5 30. Rd8+ 1-0

[Event "Mechanics' Spring TNM; 30/90, SD/30"]
[Site "San Francisco"]
[Date "2012.03.20"]
[Round "2.26"]
[White "Harris, Clarence"]
[Black "Poling, Scott"]
[Result "0-1"]
[WhiteElo "1395"]
[BlackElo "1731"]
[PlyCount "104"]
[EventDate "2012.??.??"]

1. e4 e6 2. d3 d5 3. Nd2 Nf6 4. Ngf3 b6 5. g3 Bb7 6. Qe2 Be7 7. Bg2 O-O 8. O-O
c5 9. Re1 Re8 10. e5 Nfd7 11. Nf1 Nc6 12. Bf4 Rc8 13. c3 Nf8 14. h4 d4 15. c4
Ng6 16. Bd2 Qc7 17. h5 Nf8 18. N1h2 f6 19. exf6 Bxf6 20. Ng4 e5 21. Nxf6+ gxf6
22. Nh4 Qd7 23. Be4 Ne7 24. Bxb7 Qxb7 25. Qg4+ Kh8 26. Bh6 Ng8 27. Bd2 Ne7 28.
Re4 Qd7 29. Qxd7 Nxd7 30. Ree1 Kg7 31. h6+ Kf7 32. Kh2 Rg8 33. f3 Nf8 34. g4
Nfg6 35. Nf5 Nxf5 36. gxf5 Nh4 37. Re2 Nxf5 38. Re4 Rg3 39. Rf1 Rcg8 40. Rg4
R3xg4 41. fxg4 Ne3 42. Bxe3 dxe3 43. Kg3 e2 44. Re1 Rd8 45. Rxe2 Rxd3+ 46. Kh4
Rd4 47. Kh5 Rd1 48. g5 Rh1+ 49. Kg4 Rg1+ 50. Kh5 Rxg5+ 51. Kh4 Rg6 52. Kh5 Ke6
0-1